[Event "Northumbria Masters 2018"]
[Site "Newcastle upon Tyne"]
[Date "2018.02.15"]
[Round "3"]
[White "Vakhidov, Jakhongir"]
[Black "Nasuta, Grzegorz"]
[Result "1-0"]
[WhiteElo "2532"]
[BlackElo "2454"]
[Annotator "TA"]
[PlyCount "67"]
[EventDate "2018.??.??"]
[EventCountry "ENG"]
[SourceTitle "playchess.com"]
[Source "ChessBase"]
[SourceQuality "1"]

{[%evp 26,67,33,39,47,25,27,10,24,27,83,78,78,75,89,83,87,54,59,44,84,79,78,77,117,112,95,118,104,112,104,-8,-9,-14,-12,-10,50,57,510,540,29994,29995,29997,29998]} 1. d4 Nf6 2. c4 g6 3. g3 Bg7 4. Bg2 d5 5. cxd5 Nxd5 6. Nf3 Nb6 7. Nc3 Nc6 8. e3 O-O 9. O-O Re8 10. Nh4 {D76: Grünfeldindisch (Fianchetto HV 7... Sb6)} (10. a3 e5 11. d5 Na5 12. Qc2 c6 13. b4 Nac4 14. dxc6 bxc6 15. Rd1 Bf5 16. e4 Bd7 17. Na4 Nxa4 18. Qxc4 {½-½ (50) Le,Q (2737)-Ivanchuk,V (2726) Huaian 2017}) 10... e5 11. d5 Na5 12. Rb1 Nac4 13. b3 Nd6 14. e4 {LiveBook: 4 Partien} Bd7 {[#]} 15. Ba3 $146 ({Vorgänger:} 15. a4 a5 16. Re1 f5 17. exf5 gxf5 {1-0 (46) Gabuzyan,H (2532)-Chigaev,M (2508) Al Ain 2013}) 15... Bf8 16. Qd3 a5 17. Bc5 Ndc8 (17... a4 $11 {bleibt in der Remisbreite.}) 18. Bxf8 $16 Rxf8 19. f4 f6 20. fxe5 fxe5 21. Qe3 Rxf1+ 22. Rxf1 Qe7 23. a4 Nd6 24. Qc5 Nbc8 25. Qxc7 Ne8 26. Qc4 ({Falsch wäre} 26. Qxb7 $2 Qc5+ 27. Kh1 Ra7 $19) 26... Ncd6 27. Qc5 Nf6 28. Nb5 (28. Re1 $16) 28... Bxb5 $1 $11 29. axb5 Rc8 30. Qe3 Nxb5 (30... Kg7 $11) 31. Bh3 $36 {[%mdl 2048] Schwarz steht unter Druck.} Rc3 $2 {[%mdl 8192] [#]} ({Günstiger ist} 31... Rf8 $1 $14) 32. Qg5 $1 $18 {Droht Le6+ und aus.} ({Und nicht} 32. Qb6 Nd6 $11) 32... Nxd5 {[#]} 33. Be6+ $1 {[%mdl 512]} Kh8 {[#]} (33... Qxe6 34. Qd8+) 34. Nxg6+ $1 {[%mdl 512] Precision: Weiß = 61%, Schwarz = 51%.} 1-0

[Event "Northumbria Masters 2018"]
[Site "Newcastle upon Tyne"]
[Date "2018.02.15"]
[Round "3"]
[White "Tan, Justin"]
[Black "Eggleston, David J"]
[Result "1-0"]
[WhiteElo "2479"]
[BlackElo "2409"]
[Annotator "TA"]
[PlyCount "77"]
[EventDate "2018.??.??"]
[EventCountry "ENG"]
[SourceTitle "playchess.com"]
[Source "ChessBase"]
[SourceQuality "1"]

{[%evp 15,77,0,68,64,61,62,79,69,81,78,97,94,97,97,85,91,102,95,96,73,91,84,85,43,54,24,89,77,109,49,172,158,309,243,366,348,248,245,243,241,228,223,247,220,436,450,538,515,494,301,1515,1370,2076,2002,1689,1084,29981,29983,29982,29978,29977,29978,29978,29977]} 1. e4 c5 2. Nf3 d6 3. d4 Nf6 4. Nc3 cxd4 5. Nxd4 a6 6. h3 e6 7. g4 h6 8. Be3 g5 {LiveBook: 7 Games. B81: Sicilian Scheveningen: Keres Attack} (8... b5 $11) 9. Qe2 $14 (9. Bg2 Nbd7 10. h4 Rg8 11. hxg5 hxg5 12. Qe2 Ne5 13. f3 b5 14. O-O-O Bb7 15. a3 Rc8 16. Qe1 {0-1 (34) Grigoriants,S (2570)-Inarkiev,E (2680) Wroclaw 2014}) 9... Nbd7 10. O-O-O $146 ({Find the theoretical novelty and annotate with similar games:} 10. h4 Rg8 11. hxg5 hxg5 12. O-O-O Qa5 13. f3 b5 14. Nb3 {1-0 (47) Ubiennykh,E (2336)-Bodnaruk,A (2394) Tyumen 2012}) 10... Ne5 {White is slightly better.} 11. Nf3 {aiming for Nxe5.} Nfd7 12. Kb1 Qc7 13. h4 Nxf3 14. Qxf3 Rg8 15. hxg5 Ne5 16. Qg3 hxg5 17. Rh5 Be7 18. Be2 Bd7 19. f4 gxf4 20. Bxf4 Bc6 (20... O-O-O $11) 21. Qf2 $36 {[%mdl 2048] White is really pushing.} Bf8 22. g5 ({Better is} 22. Rh7 $16) 22... b5 (22... O-O-O $14) 23. a3 Qb7 $2 (23... Qa7 $16 24. Qh2 O-O-O) 24. Rh7 {Strongly threatening Bxe5.} Bxe4 (24... Rg7 $142 25. Rxg7 Bxg7) 25. Nxe4 $18 Qxe4 {[#]} 26. Rxf7 $3 {[%mdl 512]} Nxf7 {[#]} (26... Kxf7 $2 {is the wrong capture.} 27. Bxe5+ Qf5 28. Bh5+ Rg6 29. Qg2 $18) 27. Bf3 $1 {[%cal Rf3e4,Be2f3,Bf3a8,Ba8g2][%mdl 32]} Qc4 {White must now prevent ...Rc8.} 28. Bxa8 Nxg5 {And now ...Nh3 would win.} 29. Qg3 (29. Bxd6 Bxd6 30. Rxd6 Nh3 $16) 29... Be7 $2 (29... Rg7) 30. Bxd6 Bxd6 31. Qxd6 Kf7 32. Bg2 Kg6 $2 (32... Rc8 33. c3 Qc5 34. Rf1+ (34. Qxa6 Rb8 $18) 34... Kg8 35. Qxa6 Rb8) 33. Bf1 Qh4 34. Bd3+ Kh6 35. Qc6 Nh3 36. Qxe6+ {White mates.} Kg7 37. Rh1 Rh8 38. Qg6+ Kf8 39. Rf1+ {Precision: White = 74%, Black = 24%.} 1-0

[Event "Northumbria Masters 2018"]
[Site "Newcastle upon Tyne"]
[Date "2018.02.15"]
[Round "3"]
[White "Hebden, Mark L"]
[Black "Gormally, Daniel W"]
[Result "1/2-1/2"]
[WhiteElo "2454"]
[BlackElo "2483"]
[Annotator "TA"]
[PlyCount "42"]
[EventDate "2018.??.??"]
[EventCountry "ENG"]
[SourceTitle "playchess.com"]
[Source "ChessBase"]
[SourceQuality "1"]

{[%evp 23,24,40,42]} 1. d4 Nf6 2. Nf3 g6 3. Nc3 d6 4. e4 Bg7 5. Be2 O-O 6. O-O Bg4 7. Be3 Nc6 8. d5 Bxf3 9. Bxf3 Ne5 10. Be2 c6 11. f4 Ned7 12. dxc6 bxc6 {Predecessor:} 13. Bf3 $146 Qc7 14. Qd3 e5 15. g3 Rfe8 16. Rad1 Bf8 17. Kh1 Rab8 18. b3 Qa5 19. Bd2 Nc5 20. Qe2 Qc7 21. f5 gxf5 {½-½ (49) Li,R (2548)-Petrosian,T (2615) Saint Louis 2017} 1/2-1/2

[Event "Northumbria Masters 2018"]
[Site "Newcastle upon Tyne"]
[Date "2018.02.15"]
[Round "3"]
[White "Lalic, Bogdan"]
[Black "Hunt, Adam C"]
[Result "1/2-1/2"]
[WhiteElo "2401"]
[BlackElo "2416"]
[Annotator "TA"]
[PlyCount "31"]
[EventDate "2018.??.??"]
[EventCountry "ENG"]
[SourceTitle "playchess.com"]
[Source "ChessBase"]
[SourceQuality "1"]

{[%evp 17,21,27,57,52,56,46]} 1. d4 Nf6 2. c4 g6 3. Nc3 d5 4. Nf3 Bg7 5. Qb3 dxc4 6. Qxc4 O-O 7. e4 {[%cal Be2e4,Be4e5][%mdl 32]} Nc6 8. Bf4 Nh5 {D97: Grünfeld: Russian System: 7 e4, replies other than 7...Bg4} (8... Bg4 9. d5 Bxf3 10. gxf3 Nh5 11. dxc6 b5 12. Qxb5 Rb8 13. Qa5 Nxf4 14. Rd1 Qc8 15. b3 Rb6 16. Nd5 Nxd5 17. Rxd5 Rxc6 {½-½ (45) Ivanchuk,V (2733)-Ganguly,S (2625) Edmonton 2015}) 9. Be3 Bg4 {LiveBook: 19 Games. With the idea ...Bxf3.} 10. e5 Bxf3 11. gxf3 {Predecessor:} e6 $146 12. h4 Ne7 13. Bh3 Nf5 14. Bxf5 exf5 15. f4 c6 16. O-O-O {1-0 (26) Lalic,B (2480)-Tate,A (2335) Pardubice 2015} 1/2-1/2

[Event "Northumbria Masters 2018"]
[Site "Newcastle upon Tyne"]
[Date "2018.02.15"]
[Round "3"]
[White "Percivaldi, Martin"]
[Black "Macklin, Paul"]
[Result "1/2-1/2"]
[WhiteElo "2395"]
[BlackElo "2307"]
[Annotator "TA"]
[PlyCount "85"]
[EventDate "2018.??.??"]
[EventCountry "ENG"]
[SourceTitle "playchess.com"]
[Source "ChessBase"]
[SourceQuality "1"]

{[%evp 24,85,0,-15,0,-27,-30,-20,-11,-39,-14,-25,0,-7,15,0,0,-3,15,0,19,23,52,45,46,37,43,41,58,0,0,0,0,0,5,0,0,-18,0,-26,11,0,0,0,-11,-30,9,0,0,0,0,-43,-43,-54,-31,-99,-93,-225,-224,-211,-116,-170,-184,-170]} 1. d4 Nf6 2. c4 g6 3. Nc3 Bg7 4. e4 d6 5. Bd3 O-O 6. Nge2 Nc6 7. O-O Nh5 8. Be3 e5 9. d5 Nd4 {E70: King's Indian: Miscellaneous lines with 4 e4, including 5 Nge2 and 5 Bd3 0-0 6 Nge2} 10. Bc2 Nxc2 11. Qxc2 f5 12. exf5 gxf5 13. f4 {LiveBook: 3 Games} Qe7 {[#]} 14. Qd2 $146 ({Predecessor:} 14. Rae1 e4 15. Bd4 Bd7 16. Nd1 Kh8 {1-0 (37) Romanov,E (2635)-Kaasen,T (2209) Fagernes 2016}) 14... Bd7 15. Rae1 Rae8 16. Nc1 (16. Bxa7 b6 $17) 16... Qh4 17. Nd3 e4 18. Nb4 Nf6 19. h3 Rf7 20. Nc2 Bh6 21. Qf2 ({Avoid the trap} 21. Bxa7 $2 b6 $19) 21... Qh5 22. Bd4 ({Of course not} 22. Bxa7 b6 $17) 22... Ref8 23. Re3 Rg7 24. Rg3 Rxg3 25. Qxg3+ Kf7 26. Qe3 (26. Bxf6 $14 Kxf6 27. Nb5) 26... Rg8 $11 27. Ne2 ({But not} 27. Bxa7 b6 $17) 27... Qg6 {[%csl Gg8][%cal Rg6g2] [#]} 28. Rf2 a5 29. Bc3 b6 30. b3 Nh5 31. Ncd4 Nf6 32. Kf1 Qh5 33. Ke1 Qh4 {[#] White must now prevent ...Rxg2.} 34. Kd1 Qh5 35. Kc1 Qg6 36. Kb2 Bg7 37. Nc2 h5 {[%cal Bh7h5,Bh5h4][%mdl 32]} 38. a3 h4 39. Bd4 ({White should play} 39. a4 $15) 39... a4 $17 40. Nb4 (40. b4 $17 {was called for.}) 40... axb3 $19 41. Kxb3 Qh5 (41... Bc8 $19 42. Ka2 Nd7) 42. Kb2 (42. Nc3 $17 {was necessary.}) 42... Bh8 43. Ka2 {Precision: White = 34%, Black = 51%.} 1/2-1/2

[Event "Northumbria Masters 2018"]
[Site "Newcastle upon Tyne"]
[Date "2018.02.15"]
[Round "3"]
[White "Welling, Gerard"]
[Black "Plat, Vojtech"]
[Result "1/2-1/2"]
[WhiteElo "2320"]
[BlackElo "2560"]
[Annotator "TA"]
[PlyCount "80"]
[EventDate "2018.??.??"]
[EventCountry "ENG"]
[SourceTitle "playchess.com"]
[Source "ChessBase"]
[SourceQuality "1"]

{[%evp 9,80,0,0,-19,-12,-45,-6,-7,18,17,34,6,1,2,0,5,28,25,15,3,28,6,12,10,11,16,8,14,14,6,20,-5,0,0,2,-5,0,-9,0,0,0,-26,-20,-18,-18,-26,-28,-29,-10,-18,-14,-14,0,0,0,0,0,0,0,0,0,0,0,0,0,0,0,-8,0,0,0,0,0]} 1. e4 d6 2. Nc3 Nf6 3. g3 e5 4. Bg2 c6 5. d3 (5. a4 Be7 6. Nge2 O-O 7. d4 Nbd7 8. O-O Qc7 9. a5 Re8 10. h3 Rb8 11. Be3 b5 12. axb6 axb6 13. d5 cxd5 14. exd5 b5 15. Ra7 Qd8 16. Qd3 {0-1 (37) Marinkovic,I (2514)-Popovic,D (2661) Belgrade 2015}) 5... Be7 {LiveBook: 7 Games} 6. Nh3 {C26: Vienna Game: 2...Nf6, sidelines} d5 $146 ({Predecessor:} 6... Nbd7 7. O-O b5 8. f4 Bb7 9. f5 d5 10. g4 b4 11. Ne2 Nxg4 12. exd5 cxd5 {0-1 (23) Lubenow,O-Voelzke,F (2134) Kiel 2017}) 7. f3 dxe4 8. dxe4 Qxd1+ (8... Nbd7 {is interesting.} 9. Nf2 O-O 10. O-O b6 11. Qe2 a5) 9. Nxd1 Na6 10. Nhf2 Be6 11. Ne3 O-O-O 12. Bd2 Bc5 13. Ke2 Nd7 14. Bh3 Bxe3 (14... Nc7 {with more complications.} 15. c3 Bxh3 16. Nxh3 Ne6 17. b3 f6) 15. Kxe3 {Black should prevent Bxe6.} Bxh3 16. Nxh3 Ndc5 17. Rhd1 f6 18. Nf2 h5 19. Ke2 b6 20. Be1 Nc7 (20... Ne6 {keeps more tension.} 21. Rxd8+ Kxd8 22. c3 h4 23. Bd2 Nac5) 21. Rxd8+ Rxd8 22. Rd1 Rh8 23. Kf1 Nb5 24. c3 Kc7 25. b3 a5 26. Ke2 a4 27. Nd3 Nxd3 28. Kxd3 axb3 29. axb3 $11 {[%mdl 4096] Endgame KRB-KRN. The position is equal.} Ra8 30. Bd2 Ra2 31. Rg1 Rb2 32. g4 hxg4 33. Rxg4 g5 34. h4 gxh4 35. Rxh4 Nd6 36. Rh6 Rxb3 37. Rxf6 Rb2 38. c4 {[#] Threatens to win with Bc3.} b5 39. cxb5 Nxb5 40. f4 exf4 {Precision: White = 48%, Black = 53%.} 1/2-1/2

[Event "Northumbria Masters 2018"]
[Site "Newcastle upon Tyne"]
[Date "2018.02.15"]
[Round "3"]
[White "Muir, Andrew J"]
[Black "Haria, Ravi"]
[Result "1-0"]
[WhiteElo "2286"]
[BlackElo "2376"]
[Annotator "TA"]
[PlyCount "121"]
[EventDate "2018.??.??"]
[EventCountry "ENG"]
[SourceTitle "playchess.com"]
[Source "ChessBase"]
[SourceQuality "1"]

{[%evp 14,121,37,39,35,45,23,10,45,45,46,-29,-37,-38,-37,-33,38,39,40,31,29,-33,-35,-17,104,108,83,5,45,0,73,0,0,-23,84,88,111,110,231,237,589,573,550,287,355,309,318,318,309,310,467,456,509,445,404,208,813,227,790,-122,309,254,233,238,315,296,297,297,342,312,342,279,342,342,349,332,322,0,0,-456,573,0,447,437,518,508,766,764,1446,1442,1497,1126,1321,1820,1439,1535,2327,1672,4094,3309,2879,2066,2613,2133,29984,29985,29985,29986,29985,29986]} 1. d4 e6 2. c4 b6 3. e4 Bb7 4. Bd3 Bb4+ 5. Bd2 Bxd2+ 6. Nxd2 {A40: Unusual replies to 1 d4} (6. Qxd2 f5 7. Nc3 Nf6 8. f3 Nc6 9. Nge2 fxe4 10. fxe4 e5 11. d5 Ne7 12. O-O O-O 13. Ng3 {0-1 (31) Riazantsev,A (2650)-Alekseev,E (2616) Riadh 2017}) 6... d6 7. Ne2 Ne7 8. O-O {LiveBook: 4 Games. White is slightly better.} e5 9. f4 $146 ({Predecessor:} 9. Nf3 Nd7 10. Re1 O-O 11. Ng3 Ng6 12. Bf1 Nf4 13. Qd2 {0-1 (26) Islam,K (2326)-Rahman,Z (2535) Kolkata 2004}) 9... O-O 10. f5 Nd7 11. d5 $1 c6 12. b4 (12. Nc3 $14) 12... b5 $11 {And now ...bxc4 would win.} 13. dxc6 Nxc6 14. a3 Nf6 (14... bxc4 $15 15. Nxc4 Nf6) 15. cxb5 $14 Ne7 16. Kh1 d5 {[%cal Rd5e4]} 17. Nc3 (17. Ng3 $11) 17... Rc8 $15 18. Rc1 Rxc3 (18... Rc7 $11 {remains equal.}) 19. Rxc3 $16 dxe4 20. Be2 (20. Bc4 $16) 20... Ned5 (20... Nfd5 $5 {[%cal Rd5c3]} 21. Rg3 (21. Nxe4 Nxc3 22. Nxc3 Qc8 $11) 21... Nf4 $11) 21. Rg3 Nf4 (21... e3 $11 {keeps the balance.} 22. Nc4 Ne4) 22. Nb3 ({Better is} 22. Nc4 $16) 22... e3 $11 23. Nc5 Bd5 (23... Ba8 $1 $11) 24. Rg1 $1 $16 Qa8 25. Qf1 g6 (25... Qc8 $16 26. Rxe3 Qxf5) 26. Rxe3 $18 Rc8 $2 (26... Re8 27. fxg6 hxg6) 27. fxg6 hxg6 28. Bf3 Kg7 29. Bxd5 N6xd5 30. Rf3 Rh8 31. Nd3 g5 (31... Re8 $142 32. Qf2 f6 33. Nxf4 Nxf4) 32. Nxe5 Qb8 33. Qa1 f6 34. Ng4 (34. Re1 $142) 34... Rh5 $2 (34... Rh4) 35. Nf2 $2 (35. g3 Rh3 36. Qf1) 35... g4 $2 (35... Ne2 36. Ng4 Rh4) 36. Rg3 $2 (36. Nxg4 $18 Rh4 37. g3 Rxg4 38. gxf4 Rxg1+ 39. Qxg1+ Kf7 40. Qc5) 36... Rxh2+ $2 {[%mdl 8192]} (36... Nd3 $1 $17 {[%cal Rd3f2] keeps the pressure on.} 37. Nh3 (37. Rxg4+ $2 Kf7 $19) 37... Nf2+ 38. Nxf2 Qxg3) 37. Kxh2 Ne2 38. Ne4 Nxg3 39. Nxg3 Qh8+ 40. Nh5+ Qxh5+ {[%mdl 4096] Endgame KQR-KQN} 41. Kg3 Ne3 42. Qc3 Nf5+ 43. Kf2 g3+ 44. Ke1 Qg4 {[#]} 45. Kd2 $2 (45. Qd3 $1 $18) 45... Qf4+ $11 46. Kc2 $2 {[%mdl 8192]} (46. Kd1 $11 {and White stays safe.} Ne3+ 47. Kc1) 46... Ne3+ $4 {[%mdl 8192]} (46... Qf2+ $19 47. Kb3 Qxg1) 47. Kc1 $2 (47. Kb3 $18) 47... Nc4+ $2 {[%mdl 8192]} (47... Nxg2+ $1 $11 {and Black is okay.} 48. Kb1 Ne3) 48. Kb1 $18 Nd2+ 49. Ka1 Ne4 (49... Nb3+ $142 50. Kb1 (50. Qxb3 Qd4+ 51. Ka2 Qf2+ 52. Qb2 Qxg1 $16) 50... Nd2+ 51. Kb2 Ne4) 50. Qd4 Qf2 51. Qxf2 gxf2 {[#] KR-KN} 52. Rf1 $1 Kf7 53. a4 Ke6 54. a5 Kd5 55. Kb2 Kd6 56. Kc2 f5 57. Kd3 Kd5 58. Ke3 Kc4 59. b6 {White mates.} axb6 60. a6 {[%cal Ba5a6,Ba6a7][%mdl 32]} Nf6 61. a7 {Precision: White = 47%, Black = 20%.} 1-0

[Event "Northumbria Masters 2018"]
[Site "Newcastle upon Tyne"]
[Date "2018.02.16"]
[Round "4"]
[White "Plat, Vojtech"]
[Black "Longson, Alexander"]
[Result "1-0"]
[WhiteElo "2560"]
[BlackElo "2307"]
[Annotator "TA"]
[PlyCount "117"]
[EventDate "2018.??.??"]
[EventCountry "ENG"]
[SourceTitle "playchess.com"]
[Source "ChessBase"]
[SourceQuality "1"]

{[%evp 13,117,3,16,11,1,-41,-23,-2,-3,0,-18,-38,-48,-42,-28,-16,-21,-30,-11,-78,-71,-65,-31,-70,-21,-20,26,9,12,6,16,11,42,42,42,42,42,42,43,46,41,28,29,1,13,0,0,0,64,64,63,54,61,41,46,29,32,24,25,24,59,59,56,13,13,13,13,13,20,20,20,20,20,8,8,8,8,8,8,8,29,29,29,29,29,29,29,31,258,252,743,668,12180,11207,7007,6922,5301,93,93,93,93,93,29978,29978,29977,29977]} 1. e4 e5 2. Nf3 Nc6 3. d4 exd4 4. Nxd4 Nf6 5. Nxc6 bxc6 6. Bd3 d5 7. Qe2 Be7 {LiveBook: 6 Games} ({Much worse is} 7... Nxe4 $6 8. f3 $16) 8. e5 {C45: Scotch Game} (8. Nd2 O-O 9. O-O Nd7 10. exd5 cxd5 11. Nb3 c5 12. c4 dxc4 13. Bxc4 Nb6 14. Bd3 Be6 15. Rd1 Qc7 16. Qe4 g6 17. Bf4 {1-0 (30) Najer,E (2679)-Inarkiev,E (2727) Poikovsky 2017}) 8... Nd7 9. e6 fxe6 10. Qxe6 {Black has an edge.} Nf6 11. Qxc6+ Bd7 12. Qa6 $146 ({Predecessor:} 12. Qc3 O-O 13. f3 Bd6 14. O-O Qe8 15. Qd2 Qh5 16. h3 h6 17. Nc3 Rae8 18. Nxd5 Qh4 19. f4 Bc5+ 20. Kh1 Nh5 21. Qa5 Bxh3 22. gxh3 Qxh3# {0-1 (22) Aspstrom,Y-Olsson,T (2110) Sweden 1994}) 12... O-O $36 {[%mdl 2048] aiming for ...Bb4+. Black fights for an advantage.} 13. O-O Ng4 14. Qa5 c6 15. Qxd8 Raxd8 16. Be2 (16. Nd2 $11 {keeps the balance.}) 16... Bc5 $1 $17 {[%cal Rc5f2]} 17. Bf3 Ne5 18. Nd2 Nxf3+ 19. Nxf3 Rde8 20. Be3 Bxe3 21. fxe3 Rxe3 22. Rae1 Rfe8 23. Rxe3 Rxe3 $14 {[%mdl 4096] Endgame KRB-KRN} 24. Kf2 Re4 25. Re1 Rxe1 26. Nxe1 {KB-KN} Kf7 27. Nd3 Ke7 28. Ke3 Kd6 29. Kd4 Bf5 30. b4 Be6 (30... Bxd3 $11 31. cxd3 c5+ 32. bxc5+ Kc6) 31. Ne5 Bg8 32. a4 Be6 33. c3 Bg8 34. h4 Be6 35. Nd3 Bg4 36. a5 Bd7 37. Ne5 Be6 38. g3 Bg8 39. Nf3 Be6 40. Ng5 Bg8 41. Nh3 Be6 42. Nf4 Bf7 43. g4 h6 44. g5 hxg5 45. hxg5 Be8 46. Ng2 Bg6 47. Ne3 Bh7 48. c4 dxc4 49. Nxc4+ Ke6 50. Kc5 Be4 $2 ({Black should try} 50... Bd3 $14) 51. Nd6 $1 $18 {[%cal Rd6e4]} Bf3 $2 {[#]} (51... Bg2 52. Nc8 a6) 52. Nc8 $1 Kd7 53. Nxa7 Kc7 54. b5 cxb5 {[#]} 55. Nxb5+ $2 (55. a6 $1 $18 {and the rest is easy.} b4 56. Nb5+ (56. Kxb4 Kb6 $11) 56... Kc8 57. Kxb4) 55... Kb7 $16 56. Nd6+ Ka6 57. Kb4 Bd5 $2 {[%mdl 8192]} (57... g6 $16 58. Nc4 Bg4) 58. Ne8 Be4 59. Nxg7 {Precision: White = 60%, Black = 51%.} 1-0

[Event "Northumbria Masters 2018"]
[Site "Newcastle upon Tyne"]
[Date "2018.02.16"]
[Round "4"]
[White "Vakhidov, Jakhongir"]
[Black "Donchenko, Alexander"]
[Result "1/2-1/2"]
[WhiteElo "2532"]
[BlackElo "2583"]
[Annotator "TA"]
[PlyCount "45"]
[EventDate "2018.??.??"]
[EventCountry "ENG"]
[SourceTitle "playchess.com"]
[Source "ChessBase"]
[SourceQuality "1"]

{[%evp 24,45,35,25,20,20,42,20,20,20,20,19,14,13,16,23,31,0,0,0,0,0,0,-29]} 1. d4 Nf6 2. c4 e6 3. Nf3 d5 4. g3 Bb4+ 5. Bd2 Be7 6. Bg2 O-O 7. O-O c6 8. Qc2 Nbd7 9. Rd1 b6 10. b3 Bb7 {E11: Damenindisch (Bogoljubow-Variante)} 11. Nc3 c5 12. cxd5 Nxd5 13. Nxd5 {LiveBook: 3 Partien} Bxd5 14. e4 Bb7 $1 15. d5 exd5 16. exd5 Bf6 ({Viel schlechter ist} 16... Bxd5 17. Bc3 $16) 17. Bc3 Re8 {[#]} 18. Nd2 $146 ({Vorgänger:} 18. d6) 18... Bxc3 19. Qxc3 Qf6 20. Qxf6 Nxf6 {Die Stellung ist ausgeglichen.} 21. Nc4 {[#] Sd6 ist eine echte Drohung.} Rad8 {[%cal Rb7d5]} 22. d6 Ba6 23. Rd2 1/2-1/2

[Event "Northumbria Masters 2018"]
[Site "Newcastle upon Tyne"]
[Date "2018.02.16"]
[Round "4"]
[White "Gormally, Daniel W"]
[Black "Tan, Justin"]
[Result "1/2-1/2"]
[WhiteElo "2483"]
[BlackElo "2479"]
[Annotator "TA"]
[PlyCount "71"]
[EventDate "2018.??.??"]
[EventCountry "ENG"]
[SourceTitle "playchess.com"]
[Source "ChessBase"]
[SourceQuality "1"]

{[%evp 19,71,-5,0,-4,0,-12,-13,-6,-6,-29,-27,-25,-15,-34,-4,-54,18,18,16,22,24,23,23,20,24,24,22,14,19,19,27,27,27,27,22,23,20,21,24,23,23,22,14,20,27,17,17,17,27,17,18,18,21,21]} 1. d4 Nf6 2. Nf3 d5 3. c4 e6 4. g3 Be7 5. Nbd2 O-O 6. Bg2 c5 7. cxd5 {E06: Closed Catalan: Early deviations} Nxd5 8. O-O Nc6 9. dxc5 Bxc5 10. Nb3 Be7 {LiveBook: 5 Games} (10... Bb6 11. Bg5 f6 12. Bd2 Qe7 13. e4 Nc7 14. e5 fxe5 15. Qe2 Nd4 16. Nbxd4 exd4 {1-0 (66) Caruana,F (2791)-Agdestein,S (2628) Flor & Fjaere 2014}) 11. e4 Nf6 12. Qe2 $146 ({Find the theoretical novelty and annotate with similar games:} 12. Qxd8 Rxd8 13. e5 Nd5 14. Bf4 b6 15. Rfd1 Bb7 16. Nbd4 Rac8 {½-½ (32) Zhelesny,S (2235)-Ziltener,W (2078) Davos 2006}) 12... e5 13. Bd2 Be6 14. Bc3 Nd7 15. Rfd1 Qb6 16. Nbd2 {[%cal Bb3d2,Bd2f1,Bf1e3][%mdl 32]} Rac8 17. Nf1 Bf6 (17... Bc5 $1 $15) 18. Ne3 $11 Nd4 19. Qd2 {[%cal Rf3d4]} Nxf3+ 20. Bxf3 Bg5 21. Nd5 Bxd2 22. Nxb6 Nxb6 23. Rxd2 f6 24. Be2 Na4 25. Bb4 Rfd8 26. Rxd8+ Rxd8 27. b3 Rd4 28. Be1 Nc5 29. f3 b6 30. Rd1 Rxd1 31. Bxd1 {KBB-KBN} a5 32. Be2 Kf7 33. Kf2 Ke7 34. Ke3 Kd6 35. Bc3 Bf7 36. Bb5 {Precision: White = 49%, Black = 58%.} 1/2-1/2

[Event "Northumbria Masters 2018"]
[Site "Newcastle upon Tyne"]
[Date "2018.02.16"]
[Round "4"]
[White "Greet, Andrew N"]
[Black "Abdulla, Murad"]
[Result "0-1"]
[WhiteElo "2458"]
[BlackElo "2260"]
[Annotator "TA"]
[PlyCount "90"]
[EventDate "2018.??.??"]
[EventCountry "ENG"]
[SourceTitle "playchess.com"]
[Source "ChessBase"]
[SourceQuality "1"]

{[%evp 18,90,7,-14,10,0,0,-13,-12,-13,-4,-13,-5,-13,-10,-13,-12,-18,-20,-18,0,0,0,0,0,0,0,-4,0,-20,-19,-18,0,-36,0,0,0,0,0,0,0,-25,0,-41,-41,-41,-41,-41,-41,-41,-41,-201,-162,-187,-185,-187,-166,-849,-847,-805,-804,-775,-804,-783,-770,-1248,-977,-29961,-850,-29989,-29990,-29990,-29991,-29991,-435]} 1. d4 Nf6 2. Nf3 g6 3. Nbd2 c5 (3... d5 4. e3 Nc6 5. b3 Bg7 6. Bb2 O-O 7. Be2 a5 8. a3 b6 9. O-O e6 10. c4 Ne7 11. cxd5 exd5 {½-½ (38) So,W (2792)-Svidler,P (2768) Wijk aan Zee 2018}) 4. c3 d6 5. dxc5 dxc5 6. e4 {A48: 1 d4 Nf6 2 Nf3 g6: Torre, London and Colle Systems} Bg7 7. Bc4 O-O 8. O-O Qc7 $146 ({Find the theoretical novelty and annotate with similar games:} 8... b6 9. e5 Ng4 10. h3 Nh6 11. Qe2 {1-0 (30) Dragovic,M (2325)-Vlaovic,D (2250) Novi Sad 1988}) 9. Re1 Nc6 10. h3 {LiveBook: 3 Games} e6 11. Bf1 Rd8 12. Qc2 b6 13. Nc4 b5 14. Ne3 a6 15. a4 Rb8 16. axb5 axb5 17. Ng4 Nxg4 18. hxg4 Ne5 19. Nxe5 Bxe5 20. Be3 c4 21. g3 Bb7 22. f4 Bd6 23. Rad1 e5 {[%cal Re5f4]} 24. f5 Bc5 25. Qf2 Rxd1 26. Rxd1 Bxe3 27. Qxe3 Rd8 28. Rxd8+ Qxd8 29. g5 Qd6 30. fxg6 hxg6 31. Be2 Bc8 32. Kf2 Be6 33. Ke1 Qa6 {White must now prevent ...Qa1+.} 34. Kd1 $2 (34. Bd1 $1 $15) 34... Qa1+ 35. Kc2 {[#]} Qe1 $1 ({Stronger than} 35... Qa2 36. Qc5 $11) 36. Qf3 Bd7 37. b3 $2 (37. Bd1) 37... cxb3+ $19 38. Kb2 Be6 {( -> ...Qd2+)} 39. Qd3 Kh7 40. Qd1 Qf2 41. Qh1+ Kg7 42. Qf3 Qe1 (42... Qa7 $142 43. Qf6+ Kh7 44. c4 Qa2+ 45. Kc3 Qc2+ 46. Kb4 b2 47. Qf1 b1=Q+ 48. Qxb1 Qxb1+ 49. Kc5 Qxe4 50. Bf1 bxc4 51. g4 c3 52. Kb6 c2 53. Bg2 Qb4+ 54. Kc7 c1=Q+ 55. Bc6 Qcc5 56. Kd8 Qe7#) 43. Bd3 Qd2+ {Black mates.} 44. Ka3 Qxc3 {[%csl Gc3][%cal Rb3b2]} 45. Be2 b4+ {Precision: White = 43%, Black = 63%.} (45... Qc5+ $142 46. Kb2 Qc2+ 47. Ka3 b2 48. Qf6+ Kh7 49. Qxf7+ Bxf7 50. Kb4 b1=Q+ 51. Ka5 Qc7+ 52. Ka6 Qe1 53. Kxb5 Qea5#) 0-1